Normal view
MARC view
- Ecología de la selva
Entry Materia
001 - NÚMERO DE CONTROL DEL REGISTRO
- campo de control: 314
003 - IDENTIFICADOR DE NUMERO DE CONTROL
- campo de control: MX-MxUPN
005 - FECHA Y HORA DE LA ÚLTIMA TRANSACCIÓN
- campo de control: 20241011134507.0
008 - DATOS DE LONGITUD FIJA
- campo de control de longitud fija: 241011n||acannbabn n ana |d
035 ## - NÚMERO DE CONTROL DEL SISTEMA
- Número de control del sistema: UPN10000000314
040 ## - FUENTE DE LA CATALOGACIÓN
- Lengua de catalogación: spa
- Agencia de transcripción: DLC
- Centro catalogador de origen: DLC
- Agencia de modificación: MX-MxUPN
150 ## - ENCABEZAMIENTO - TEMÁTICO
- Término de materia o nombre geográfico como elemento inicial: Ecología de la selva
- Subdivisión de forma: Literatura juvenil
670 ## - FUENTE EN LA QUE SE LOCALIZARON DATOS
- Cita de la fuente: Autoridades LC, 11 octubre 2024 :
- Información localizada: (Jungle ecology - Juvenile literature)
902 ## - CATALOGADOR
- Catalogador: MEEG/300804
- Catalogador: MaríaRobles/111024
